书目信息 |
| 题名: |
圣经故事
|
|
| 作者: | 李华平 编译 | |
| 分册: | ||
| 出版信息: | 伊犁 伊犁人民出版社 |
|
| 页数: | 254页 | |
| 开本: | 32开 | |
| 丛书名: | ||
| 单 册: | ||
| 中图分类: | B971-49 , B971 | |
| 科图分类: | ||
| 主题词: | 基督教 | |
| 电子资源: | ||
| ISBN: | 978-7-5425-0548-4 | |
| 000 | 00561nam0 2200205 45 | |
| 001 | 1961599289 | |
| 005 | 20191121170722.88 | |
| 010 | @a978-7-5425-0548-4@dRMB 27.00 | |
| 100 | @a20000927d km y0chiy0120 ea | |
| 101 | 0 | @achi |
| 102 | @aCN | |
| 200 | 1 | @a圣经故事@ASheng Jing Gu Shi@f李华平等编译@Fli hua ping deng bian yi |
| 210 | @a伊犁@c伊犁人民出版社 | |
| 215 | @a254页@d32开 | |
| 606 | 0 | @a基督教 |
| 690 | @aB971-49@v3 | |
| 690 | @aB971@v4 | |
| 701 | 0 | @a李华平@Ali hua ping@4编译 |
| 801 | @aCN@bPftUser@c20000927 | |
| 905 | @b157358-362@dB971@eL174@f5 | |
| 圣经故事/李华平等编译.-伊犁:伊犁人民出版社 |
| 254页;32开 |
| ISBN 978-7-5425-0548-4:RMB 27.00 |
| ● |
| 相关链接 |
|
|
|
正题名:圣经故事
索取号:B971/L174
 
预约/预借
| 序号 | 登录号 | 条形码 | 馆藏地/架位号 | 状态 | 备注 |
| 1 | 1452299 | 214522998 | 自科二线400A/400A自科库 53排1列3层/ [索取号:B971/L174] | 在馆 |